CEJM - Révisions pro max - Statistics

General Stats
  • This quiz has been taken 250 times
  • The average score is 26 of 124
Answer Stats
Hint Answer % Correct
Agents économiques ménages
96%
Parties prenantes - internes salariés
64%
externes clients
58%
fournisseurs
58%
leurs rôles consommer
57%
Le contenu du contrat doit être : licite
57%
sociétale
52%
Finalités de l'entreprise économique
50%
sociale
50%
dol
48%
dirigeant
46%
actionnaires
44%
Que veut dire BFR ? Besoin en Fond de Roulement
43%
paternaliste
43%
4 types de management selon Lickert : autoritaire
42%
participatif / collaboratif
42%
certain
37%
Conséquence d’une action d’un agents économique sur le bien-être d’un autre agent économique, sans contre partie financière : externalité
36%
matériel
36%
consultatif
35%
violence
35%
associations / ONG
34%
Vices du consentement : erreur
34%
stocker
33%
interne autofinancement
32%
produire
32%
administrations publiques
31%
Qui finance l'économie européenne ? BCE
30%
Le SI regroupent tous les outils permettant de _______ des données. collecter
30%
diffuser
30%
Types d'innovations : produit
29%
7 étapes de la création d'une entreprise : trouver une idée
29%
dommage
27%
humaines
27%
innove
27%
allocation
25%
Selon Schumpeter, un entrepreneur : prend des risques
25%
Types de dommages : corporel
24%
financer l'économie
24%
financières
24%
business plan
23%
crowdfunding / financement participatif
23%
moral
23%
organisationnelle
23%
redistribution
23%
Les politiques économiques conjoncturelles peuvent être : budgétaire
22%
Le consentement des parties doit être : libre
22%
Ressources tangibles : matérielles
22%
monétaire
22%
procédé
22%
Ressources intangibles : technologiques
22%
parasitisme
21%
Rôles de l’État : régulation
21%
Sanctions si la responsabilité pénale est engagée : amende
20%
imitation
20%
lien de causalité
20%
Pour rompre un contrat il faut respecter le principe de : bonne foi
19%
éclairé
19%
de l'environnement
18%
de l'innovation
18%
syndicats
17%
analyser le marché
16%
dénigrement
16%
emprunt bancaire
16%
analyser
15%
emprisonnement
15%
mercatiques
15%
sociétés financières
15%
Grandes théories de Schumpeter sur l'innovation : destruction créatrice
14%
administrations publiques
13%
aides et subventions publiques
13%
choix du statut juridique
13%
crédit bail
13%
entente / cartel
13%
la demande
13%
Les politiques économiques en général peuvent être en faveur de : l'offre
13%
Cas de concurrence déloyale : monopole
13%
organisationnelles
13%
sociétés non-financières
13%
environnemental
11%
Pour engager la responsabilité civile il faut : fait générateur
11%
aides et subventions
10%
de la concurrence
10%
de l'emploi
10%
Qui à la capacité juridique de signer un contrat ? majeurs
10%
abus de position dominante
9%
externe affacturage
9%
Sanction si la responsabilité civile est engagée : dommages et intérêts
8%
émission d'actions
8%
Exonération de la responsabilité civile : force majeure
8%
apport en capital des gérants
7%
chercher des financements
7%
Pour ce dernier cas, l'événement doit être : imprévisible
7%
Fait pour un marché d'avoir beaucoup d'offres et de demande : atomicité
6%
Une plateforme est dite __-____ bi-face
6%
commerciale
6%
crédit fournisseur
6%
défendre et protéger l'intérêt général
6%
externe levée de fonds / apport en capital de nouveaux investisseurs
6%
mineurs émancipés
6%
Stratégies d'externalisation : sous-traitance
6%
concours bancaire courant / augmentation du découvert autorisé
5%
de relance
5%
insurmontable
5%
stade trop avancé
5%
croyance légitime
4%
de rigueur
4%
Acheter en grosse quantité pour faire baisser le prix unitaire : économie d'échelle
4%
Ensemble des acteurs numérique sur lesquels s'appuie l'entreprise. écosystème
4%
émission d'obligations
4%
saisit les opportunités du marché
4%
acompte client
3%
concession
3%
Politiques économiques structurelles : d'aménagement du territoire
3%
franchise
3%
intention de nuire
3%
pacte de préférence
3%
Avants contrats : promesse unilatérale
3%
Rupture abusive du contrat si : rupture brutale
3%
démarches administratives
2%
promesse synallagmatique / bilatérale
2%
extérieur au défendeur
1%
innovation en grappe
1%
No matching quizzes found
Score Distribution
Percent of People with Each Score
Percentile by Number Answered
Your Score History
You have not taken this quiz